|
|
|
|
| LEADER |
03516nam a22003973i 4500 |
| 001 |
EBC6955778 |
| 003 |
MiAaPQ |
| 005 |
20231204023223.0 |
| 006 |
m o d | |
| 007 |
cr cnu|||||||| |
| 008 |
231204s2015 xx o ||||0 ger d |
| 020 |
|
|
|a 9783839409251
|q (electronic bk.)
|
| 020 |
|
|
|z 9783899429251
|
| 035 |
|
|
|a (MiAaPQ)EBC6955778
|
| 035 |
|
|
|a (Au-PeEL)EBL6955778
|
| 035 |
|
|
|a (OCoLC)1049912206
|
| 040 |
|
|
|a MiAaPQ
|b eng
|e rda
|e pn
|c MiAaPQ
|d MiAaPQ
|
| 100 |
1 |
|
|a Volbers, Jörg.
|
| 245 |
1 |
0 |
|a Selbsterkenntnis und Lebensform :
|b Kritische Subjektivität nach Wittgenstein und Foucault.
|
| 250 |
|
|
|a 1st ed.
|
| 264 |
|
1 |
|a Bielefeld :
|b transcript,
|c 2015.
|
| 264 |
|
4 |
|c {copy}2015.
|
| 300 |
|
|
|a 1 online resource (291 pages)
|
| 336 |
|
|
|a text
|b txt
|2 rdacontent
|
| 337 |
|
|
|a computer
|b c
|2 rdamedia
|
| 338 |
|
|
|a online resource
|b cr
|2 rdacarrier
|
| 490 |
1 |
|
|a Edition Moderne Postmoderne
|
| 505 |
0 |
|
|a Cover Selbsterkenntnis und Lebensform -- Inhalt -- Einleitung -- 1 Problemexposition -- 1.1 Foucault und Wittgenstein -- 1.2 Das Problem der Kritik -- 1.3 Arbeit an sich -- 1.4 Philosophie von innen -- 2 Skeptizismus, Selbstverhältnis, Praxis -- 2.1 Kripkes Skeptiker -- 2.1.1 Die skeptische Herausforderung -- 2.1.2 Skeptizismus und Selbstverhältnis -- 2.1.3 Kripkes hybrider Skeptizismus -- 2.2 McDowells Therapie -- 2.2.1 DerMythos des Gegebenen -- 2.2.2 Transparenz -- 2.3 Skeptische Rückfragen -- 2.3.1 Andere verstehen -- 2.3.2 Die Wiederkehr des Skeptikers -- 3 Subjektivität als Gewissheit -- 3.1 Wohin gehört der Skeptiker? -- 3.2 Das Problem der Grenzziehung -- 3.3 Epistemischer und nicht-epistemischerWeltbezug -- 3.4 Grundloser Grund der Praxis -- 3.5 Subjektive Gewissheit, objektives Wissen -- 3.6 Die Kritik der Über-Ordnung -- 3.7 Skeptizismus ist Selbstzweifel -- 4 Formen der Übung -- 4.1 Den Skeptizismus in die Praxis verlagern -- 4.2 Philosophie und Skeptizismus -- 4.3 Übereinstimmung und ihre Produktion -- 4.3.1 Übereinstimmung -- 4.3.2 Die Lernsituation -- 4.3.3 Der Lernprozess -- 4.3.4 Beweis und Technik -- 4.3.5 Die reproduktive Regel -- 4.3.6 Beweis und Sehen -- 5 Philosophie als Praxis -- 5.1 Einleitung -- 5.2 Von der übersichtlichen Darstellung -- 5.3 ...zur philosophischen Übung -- 5.4 »Wir kennen uns nicht aus« -- 5.5 An Bildern arbeiten -- 5.6 Philosophie als Kritik? -- 5.7 Fazit -- 6 Philosophie als Lebensform -- 6.1 Wittgenstein, Hadot, Foucault -- 6.2 Ethik, Subjektivität und Wahrheit -- 6.2.1 Das Ethische bei Wittgenstein -- 6.2.2 Wittgensteins Traditionalismus -- 6.2.3 Subjektivität und Wahrheit -- 6.3 Macht und Subjektivität bei Foucault -- 6.3.1 Die These der Produktivität derMacht -- 6.3.2 Wie funktioniert die Machtanalyse? -- 6.3.3 Macht und Gegenmacht -- 6.3.4 Foucaults Selbstkritik -- 6.3.5 Regierung und Sorge.
|
| 505 |
8 |
|
|a 7 Schlussbetrachtung -- Siglen -- Literatur -- Danksagung.
|
| 588 |
|
|
|a Description based on publisher supplied metadata and other sources.
|
| 590 |
|
|
|a Electronic reproduction. Ann Arbor, Michigan : ProQuest Ebook Central, 2023. Available via World Wide Web. Access may be limited to ProQuest Ebook Central affiliated libraries.
|
| 655 |
|
4 |
|a Electronic books.
|
| 776 |
0 |
8 |
|i Print version:
|a Volbers, Jörg
|t Selbsterkenntnis und Lebensform
|d Bielefeld : transcript,c2015
|z 9783899429251
|
| 797 |
2 |
|
|a ProQuest (Firm)
|
| 830 |
|
0 |
|a Edition Moderne Postmoderne
|
| 856 |
4 |
0 |
|u https://ebookcentral.proquest.com/lib/matrademy/detail.action?docID=6955778
|z Click to View
|